| 000 | 00364pam a2200133a 44500 | ||
|---|---|---|---|
| 008 | 230405s2008 xxu||||| |||| 00| 0 eng d | ||
| 020 |
_a8123911211 _cRs. 215 |
||
| 082 |
_a611 _bKAZ |
||
| 100 | _aKazi, Shoukat | ||
| 245 | _aQuestions and Answers Exam Oriented Anatomy below Diaphragm | ||
| 260 |
_aNew Delhi _bCBS Pub. _c2008 |
||
| 300 | _a285 p | ||
| 906 | _a000925 | ||
| 999 |
_c249688 _d249688 |
||